| 000 | 00591nam a22001931a 4500 | ||
|---|---|---|---|
| 001 | 11360 | ||
| 003 | OSt | ||
| 005 | 20260204212240.0 | ||
| 008 | 120823s2008||||ck ||||||b||||||||||spa|| | ||
| 020 | _a9589247156 | ||
| 050 | _a690.658 N774o | ||
| 100 | _aNoriega Santos, Jorge | ||
| 245 | _aObra: Administración y Gerencia/ Jorge Noriega Santos / Jorge Noriega Santos | ||
| 264 | _aColombia: Biblioteca de la Construcción | ||
| 300 | _a331 P | ||
| 500 | _aIncluye Bibliografía | ||
| 650 | _aConstrucciones - Administración y Gerencia 2. Administración de ObrasÌ | ||
| 942 |
_2ddc _cBK |
||
| 999 |
_c11360 _d11360 |
||